[Event "EU Union-ch U14 20th"]
[Site "Mureck"]
[Date "2023.08.02"]
[Round "1"]
[White "Zhu, Hans Sihan"]
[Black "Hagen, Carlijn"]
[Result "0-1"]
[WhiteElo "1648"]
[BlackElo "1338"]
[PlyCount "100"]
[EventDate "2023.08.02"]
[EventType "swiss"]
[EventRounds "9"]
[EventCountry "AUT"]
[SourceTitle "EXT 2024"]
[Source "ChessBase"]
[SourceDate "2023.10.10"]
[SourceVersion "1"]
[SourceVersionDate "2023.10.10"]
[SourceQuality "1"]

1. e4 e5 2. Nf3 Nc6 3. Bb5 a6 4. Ba4 Nf6 5. 0-0 Bc5 6. d3 b5 7. Bb3 h6 8. c3 d6 9. h3 0-0 10. Re1 Bb7 11. Nbd2 Re8 12. Nf1 d5 13. exd5 Nxd5 14. Ng3 Nf6 15. Nh4 b4 16. Nh5 Nxh5 17. Qxh5 Qf6 18. Be3 Bd6 19. g4 Be7 20. Nf5 Na5 21. Nxe7+ Qxe7 22. Bc2 bxc3 23. bxc3 Qf6 24. g5 hxg5 25. d4 g6 26. Qxg5 Qf3 27. Kh2 Nc4 28. Bxg6 fxg6 29. Qxg6+ Kf8 30. Rg1 Ke7 31. Qg7+ Kd8 32. dxe5 Nxe3 33. Qg5+ Kc8 34. Qxe3 Qxe3 35. fxe3 Rxe5 36. Rg8+ Kd7 37. Rg7+ Re7 38. Rd1+ Ke8 39. Rxe7+ Kxe7 40. Kg3 Rf8 41. Re1 Rg8+ 42. Kf4 Ke6 43. Re2 Rf8+ 44. Kg3 Ke5 45. Rf2 Rg8+ 46. Kh2 Ke4 47. Rf7 Kxe3 48. Rxc7 Rg2+ 49. Kh1 Rg7+ 50. Rxb7 Rxb7 0-1